000
00341nam a2200145Ia 4500
008
230718s9999 xx 000 0 und d
041
_a
Eng.
082
_a
349.07
_b
CHE-T
100
_a
Cheema Zahed isbal
245
4
_a
The Comperies &dinance
260
_a
Pakistan
_b
Manzon law book
_c
2012
300
_a
304
650
_a
Law
999
_c
26896
_d
26896